| 000 | 00718cem a22001935a 4500 | ||
|---|---|---|---|
| 001 | L140515 | ||
| 008 | 070926s1873 xxk a 0 eng u | ||
| 035 | _a(Sirsi) u140515 | ||
| 041 | 0 | _aeng | |
| 110 | 2 |
_aOrdnance Survey _91860 |
|
| 245 | 0 | 0 |
_aWestminster [sheet 83] _h[cartographic material] |
| 255 | _aScale: 1:1056 | ||
| 260 |
_aSouthampton _bOrdnance Survey Office _c1873 |
||
| 300 |
_a1 map _brolled _c61 x 91 cm. |
||
| 500 | _aSurveyed by Colonel Bayly R.E. in 1870, engraved in 1871 under the direction of Colonel Cameron C.B.R.E. at the Ordnance Survey Office, Southampton. | ||
| 651 | 4 | _aLondon | |
| 690 | _aENVIRONMENTAL AND LAND CONSULTANCY-GEOMATICS-MAPPING AND POSITIONING-CARTOGRAPHY | ||
| 942 | _n0 | ||
| 999 |
_c116896 _d116896 |
||